000 00345 a2200157 4500
001 14169
020 _a9788599993538
040 _cAnchieta - Aquarius
100 _aReis, Evert
240 1 0 _a=Tarta, o libertador
_lpor
245 1 0 _a=Tarta, o libertador
300 _a80p.
362 0 _a2016
650 4 _aLiteratura brasileira
942 _cBK
999 _c14169
_d14169